There's a hamster in my pocket : (Record no. 839)
[ view plain ]
| 000 -LEADER | |
|---|---|
| fixed length control field | 01317nam a22002537a 4500 |
| 005 - DATE AND TIME OF LATEST TRANSACTION | |
| control field | 20230711131536.0 |
| 020 ## - INTERNATIONAL STANDARD BOOK NUMBER | |
| International Standard Book Number | 9781847801180 |
| 040 ## - CATALOGING SOURCE | |
| Original cataloging agency | FISKH |
| Language of cataloging | eng |
| Transcribing agency | FISKH |
| Modifying agency | FISKH |
| 050 ## - LIBRARY OF CONGRESS CALL NUMBER | |
| Classification number | PZ7.E94715 |
| 082 ## - DEWEY DECIMAL CLASSIFICATION NUMBER | |
| Classification number | 823.92 |
| 100 ## - MAIN ENTRY--PERSONAL NAME | |
| Personal name | Ewart, Franzeska G. |
| 245 ## - TITLE STATEMENT | |
| Title | There's a hamster in my pocket : |
| Remainder of title | A laugh out loud story of two best friends / |
| Statement of responsibility, etc. | Autor : Ewart, Franzeska G. ; illustrator : Bate, Helen |
| 260 ## - PUBLICATION, DISTRIBUTION, ETC. | |
| Place of publication, distribution, etc. | London : |
| Name of publisher, distributor, etc. | Frances Lincoln, |
| Date of publication, distribution, etc. | 2011. |
| 300 ## - PHYSICAL DESCRIPTION | |
| Extent | 90 pages : |
| Other physical details | illustrations, |
| Dimensions | 20 cm. |
| 505 ## - FORMATTED CONTENTS NOTE | |
| Formatted contents note | W <br/> |
| 520 ## - SUMMARY, ETC. | |
| Summary, etc. | Yosser's having a worrying summer. Her family's shop is struggling and Auntie Shabnam is coming to stay to sort things out. Which means Yosser has to share a room with Nani! And while Yosser is desperately jealous of all her friend Kylie's pets, Kylie's family are not without problems either. Her mum is about to turn 40 and her big brother Sniper is behaving very suspiciously indeed.<br/>And when Yosser discovers a mysterious box among Nani's things, she begins to suspect that it is at the root of all the bad luck. |
| 521 ## - TARGET AUDIENCE NOTE | |
| Target audience note | 880 <br/> |
| Source | Lexile <br/> |
| 521 ## - TARGET AUDIENCE NOTE | |
| Target audience note | W <br/> |
| Source | Raz-Plus |
| 650 ## - SUBJECT ADDED ENTRY--TOPICAL TERM | |
| Topical term or geographic name entry element | Mysterious |
| Form subdivision | Family problems |
| General subdivision | animal fiction |
| 650 ## - SUBJECT ADDED ENTRY--TOPICAL TERM | |
| Topical term or geographic name entry element | Mysterious |
| General subdivision | animal fiction |
| 942 ## - ADDED ENTRY ELEMENTS (KOHA) | |
| Source of classification or shelving scheme | Dewey Decimal Classification |
| Koha item type | Books |
| Suppress in OPAC | No |
| 999 ## - | |
| -- | 839 |
| -- | 839 |
| Withdrawn status | Lost status | Source of classification or shelving scheme | Damaged status | Not for loan | Collection | Home library | Current library | Shelving location | Date acquired | Total Checkouts | Full call number | Barcode | Date last seen | Price effective from | Koha item type |
|---|---|---|---|---|---|---|---|---|---|---|---|---|---|---|---|
| Dewey Decimal Classification | Fiction | Footprints International School Library Network Toul Kork Campus | Footprints International School Library Network Toul Kork Campus | A TK Campus, 4th Floor, Room B401, Fiction Bookcases (1-6) | 07/11/2023 | EWA Fic 823.92 PZ7.E94715 | FISTK05209 | 07/11/2023 | 07/11/2023 | Books |
